| LEADER 01174nam 2200277 a 4500 |
| 001 13399123367 |
| 003 ULIBM |
| 008 030417s2549 caua sb 001 0 tha |
| 099 ^aว ผม.มธ. 14 2549 |
| 100 0 ^aพูนลาภ จารุจารีต. |
| 245 10 ^aการรับรู้และทัศนคติด้านประสิทธิภาพความปลอดภัยของการขนส่งระบบถนนของประชากรกรณีศึกษาถนนวิภาวดีรังสิต /^cพูนลาภ จารุจารีต. |
| 246 ^aThe citizens's perception and attitude on safety efficiency of road transportation: case study of Vibhavadi Rangsit Highway /^cPoonlarp Jarujareet |
| 260 ^aกรุงเทพฯ :^bมหาวิทยาลัยธรรมศาสตร์,^c2549. |
| 300 ^a9, 109 แผ่น. |
| 502 ^aวิทยานิพนธ์คณะสถาปัตยกรรมศาสตร์ สาขาการผังเมือง. |
| 650 7 ^aระบบขนส่ง. |
| 710 0 ^aพรภัทร อธิวิทวัส, ^eอาจารย์ที่ปรึกษา. |
| 856 ^uhttps://digital.library.tu.ac.th/tu_dc/frontend/Info/item/dc:339077 ^zเอกสารฉบับเต็ม (ดูรายบทคลิกที่ Bookmarks) |
| 913 ^aImported by ULIBM Administrator |
| 949 ^aImport form external file by ULIBM system |